Greedy Pete wants more and more

Bibliographic Details
Main Author: Dodson, Anita Ruth
Corporate Author: Title
Format: Book
Published: Selangor : Future Text Publications , 2005
Series:Rhyming moral tales
Subjects:

MARC

LEADER 00000cam a2200000 7i4500
001 0000004884
005 20220105104007.0
008 070731
020 |a 983300430X(set) 
020 |a 9833004350 
090 0 0 |a JP   |b MOR ENG (5621) 
100 1 |a Dodson, Anita Ruth 
245 1 0 |a Greedy Pete wants more and more   |c Anita Ruth Dodson 
260 |a Selangor :   |b Future Text Publications ,   |c 2005 
440 0 |a Rhyming moral tales 
500 |a Children age 4-6 years old (yellow) 
650 0 |a Junior preschool   |x English   |x Languages 
650 0 |a Moral 
710 0 |a Title 
999 |a 0000976979   |b Book   |c Children Collection   |e Cawangan Bandar Tenggara 
999 |a 0000976980   |b Book   |c Children Collection   |e Perbadanan Perpustakaan Awam Johor 
999 |a 0000976981   |b Book   |c Children Collection   |e Perbadanan Perpustakaan Awam Johor